000 00709cab a2200241 4500
001 WB3137-59
008 090401t1995 xxu||||| |||| 00| 0 eng d
035 _a(Sirsi) u18060
041 _aeng
245 _aPrivatisation of Highways Agency
260 _c1995
350 _a0
490 _aNew Civil Engineer
_v5 October 1995, 5(1)
520 _aThe Government is looking at the possibility of privatising the Highways Agency, according to New Civil Engineer.
650 _aDBFO
650 _aDESIGN BUILD FINANCE AND OPERATE
650 _aHIGHWAYS AGENCY
650 _aPRIVATISATION
650 _aROAD OPERATION
690 _aTRANSPORT AND COMMUNICATIONS
942 _n0
948 _c04/03/1997
999 _c11977
_d11977